Đêm trước; Cha và con

Đã lưu trong:
书目详细资料
主要作者: Ivan Turgenev
格式: 图书
语言:Undetermined
出版: Hà Nội Thanh Niên 2000
主题:
标签: 添加标签
没有标签, 成为第一个标记此记录!
Thư viện lưu trữ: Trung tâm Học liệu Trường Đại học Cần Thơ
LEADER 00513nam a2200169Ia 4500
001 CTU_40308
008 210402s9999 xx 000 0 und d
082 |a 891.733 
082 |b T936đ 
100 |a Ivan Turgenev 
245 0 |a Đêm trước; Cha và con 
245 0 |c Ivan Turgenev, Hà Ngọc 
260 |a Hà Nội 
260 |b Thanh Niên 
260 |c 2000 
650 |a russian fiction ( vietnamese ),russian literature - 19th century 
980 |a Trung tâm Học liệu Trường Đại học Cần Thơ